| 000 | 00655nam a22002057a 4500 | ||
|---|---|---|---|
| 005 | 20251108171218.0 | ||
| 008 | 250721s2000 xx 000 0 ara d | ||
| 082 | 1 | 4 | _aط/ 372.21 |
| 100 | 1 | _aالخولي، نادية | |
| 245 | 1 | 0 | _aصباح الخير / |
| 264 | 1 |
_aبيروت : _bأصالة للنشر، _c2000. |
|
| 300 | _a15ص. | ||
| 490 | 0 |
_aكلمة كلمة : المرحلة الأولى _v3 |
|
| 650 | 1 | 7 | _aتعليم القراءة |
| 650 | 1 | 7 | _aالتعليم ما قبل المدرسة |
| 653 | _aأطفال مرحلة متوسطة (6-9 سنوات) | ||
| 700 | 1 |
_aالسيد، شريف _eCart. |
|
| 942 |
_2ddc _cBK |
||
| 999 |
_c59463 _d59463 |
||